30 let socialistického rozvoje ekonomiky ČSSR sborník věděckých prací ústavů marxismu-leninismu

Salvato in:
Dettagli Bibliografici
Natura: Libro
Lingua:ceco
Pubblicazione: Praha Státní pedagogické nakladatelství 1976
Tags: Aggiungi Tag
Nessun Tag, puoi essere il primo ad aggiungerne!!

MARC

LEADER 00000nam a2200000 4500
001 c120331
005 20181203150345.9
041 0 |a cze 
044 |a CZ 
245 1 0 |a 30 let socialistického rozvoje ekonomiky ČSSR  |b sborník věděckých prací ústavů marxismu-leninismu 
264 1 |a Praha  |b Státní pedagogické nakladatelství  |c 1976 
300 |a 274 s.